000
00326nam a22001457a 4500
003
SGT
020
_a
978-93-8669-109-5
082
_a
611.03
_b
E17K
100
_a
KUMAR,BRIJESH.
245
_a
EMBRYOLOGY TEXT & ATLAS
260
_a
NEW DELHI
_b
WOLTERS KLUWER
_c
2017
300
_a
278
650
_a
AYURVEDA
942
_2
ddc
_c
BK
_0
17
999
_c
14937
_d
14937